|
|
|
|
| LEADER |
00000cam a2200000 7i4500 |
| 001 |
0000006293 |
| 005 |
20160330.0 |
| 008 |
070815 |
| 020 |
|
|
|a 9833116248(set)
|
| 020 |
|
|
|a 9833116256
|
| 090 |
0 |
0 |
|a NOR
|b MAL
|
| 100 |
0 |
|
|a Syukran Nasrullah bin Shafie
|
| 245 |
1 |
0 |
|a Aruneb binti Ishak
|c Syukran Nasrullah bin Shafie
|
| 260 |
|
|
|a Kuala Lumpur :
|b Gohamas Marketing Sdn.Bhd ,
|c 2005
|
| 440 |
|
|
|a Siri bacaan srikandi Islam
|
| 500 |
|
|
|a Teenager ages 13-18 years old (blue)
|
| 650 |
|
0 |
|a Islamic
|x Fiction
|
| 999 |
|
|
|a 0000907744
|b Book
|c Teenagers
|e Cawangan Bandar Tenggara
|
| 999 |
|
|
|a 0000983389
|b Book
|c Teenagers
|e Cawangan Sri Merlong
|
| 999 |
|
|
|a 0000983390
|b Book
|c Children Collection
|e Perbadanan Perpustakaan Awam Johor
|
| 999 |
|
|
|a 0000983391
|b Book
|c Children Collection
|e Cawangan Pontian
|
| 999 |
|
|
|a 0000983392
|b Book
|c Children Collection
|e Perbadanan Perpustakaan Awam Johor
|
| 999 |
|
|
|a 0000983393
|b Book
|c Children Collection
|e Perbadanan Perpustakaan Awam Johor
|
| 999 |
|
|
|a 0001144090
|b Book
|c Children Collection
|e Cawangan Kota Tinggi
|